000 00474nam a22001817a 4500
003 MPLRDC
005 20220104184134.0
008 210129b ||||| |||| 00| 0 eng d
020 _a7-5309-5216-0
082 _a176.32 XQGY
100 _a须崎恭彦
245 _a5分钟集中力训练
_c郑渠译
250 _a一版二刷
260 _a中国
_b天津教育出版社
_c2008
300 _b
650 _a心理过程--注意力训练
942 _cBK
_o176.32 XQGY
999 _c62724
_d62714